UBT Library

International Conference (Record no. 60876)

000 -LEADER
fixed length control field 00285nam a22001337a 4500
008 - FIXED-LENGTH DATA ELEMENTS--GENERAL INFORMATION
fixed length control field 260305b ||||| |||| 00| 0 eng d
020 ## - INTERNATIONAL STANDARD BOOK NUMBER
International Standard Book Number 9772336996005
041 ## - LANGUAGE CODE
Language code of text/sound track or separate title eng
080 ## - UNIVERSAL DECIMAL CLASSIFICATION NUMBER
Universal Decimal Classification number 23.2
100 ## - Rafti
Rafti 20.1
101 ## - Shkurtesa
Shkurtesa inf
245 ## - TITLE STATEMENT
Title International Conference
942 ## - ADDED ENTRY ELEMENTS (KOHA)
Source of classification or shelving scheme
Item type Books
Holdings
Withdrawn status Lost status Source of classification or shelving scheme Damaged status Not for loan Collection code Permanent location Current location Date acquired Total Checkouts Barcode Date last seen Price effective from Koha item type
          Koleksioni i përgjithshem UBT - Lipjan UBT - Lipjan 03/05/2026   0038000709924 03/05/2026 03/05/2026 Books
          Koleksioni i përgjithshem UBT - Lipjan UBT - Lipjan 03/05/2026   0038000709925 03/05/2026 03/05/2026 Books
          Koleksioni i përgjithshem UBT - Lipjan UBT - Lipjan 03/11/2026   003-800070999155 03/11/2026 03/11/2026 Books
          Koleksioni i përgjithshem UBT - Lipjan UBT - Lipjan 03/13/2026   003-800070999181 03/13/2026 03/13/2026 Books
          Koleksioni i përgjithshem UBT - Lipjan UBT - Lipjan 03/17/2026   003-800070999223 03/17/2026 03/17/2026 Books
          Koleksioni i përgjithshem UBT - Lipjan UBT - Lipjan 03/30/2026   003800070999519 03/30/2026 03/30/2026 Books
          Koleksioni i përgjithshem UBT - Lipjan UBT - Lipjan 04/01/2026   003-800070999559 04/01/2026 04/01/2026 Books
          Koleksioni i përgjithshem UBT - Lipjan UBT - Lipjan 04/01/2026   003-800070999560 04/01/2026 04/01/2026 Books
          Koleksioni i përgjithshem UBT - Lipjan UBT - Lipjan 04/01/2026   003-800070999561 04/01/2026 04/01/2026 Books
          Koleksioni i përgjithshem UBT - Lipjan UBT - Lipjan 04/01/2026   003-800070999569 04/01/2026 04/01/2026 Books
          Koleksioni i përgjithshem UBT - Lipjan UBT - Lipjan 04/01/2026   003-800070999570 04/01/2026 04/01/2026 Books
UBT Library © 2015-2024. All rights reserved University Education for Business and Technology